00642 a2200121 4500003000500000005001700005040000900022082001500031100001500046245007600061505037000137650001300507Nust20230126133534.0 cNust a910.41,GRE aGreen Horn aBeing an Account of a journey round the World for a wager /cGreen Horn aThe Aftermath of War (Page-1), Arrival in New York (Page-22), South to the Oilfields (Page-51), Canada (Page-78), Before the Mast (Page-109), End of My First Voyage (Page-130), The South Sea Island (Page-155), Down and the Very Nearly Out (Page-193), New Guinea (Page-222), Working a Passage to South Africa (Page-251), The Return to Australia (Page-274).  a journey